|
|
|
|
| LEADER |
00840nam a2200157Ia 4500 |
| 001 |
TDMU_33554 |
| 008 |
210410s9999 xx 000 0 und d |
| 082 |
|
|
|a 370.116094897
|
| 100 |
|
|
|a Bùi, Thị Ngọc Bích
|
| 245 |
|
0 |
|a Xây dựng quy trình chuẩn cho hệ thống xử lý nước thải ngành may mặc ngoài khu công nghiệp trên địa bàn thị xã Thuận An
|
| 245 |
|
0 |
|c Bùi Thị Ngọc Bích, Nguyễn Thanh Tuyền
|
| 300 |
|
|
|a Tr.47-51
|
| 650 |
|
|
|a Quy trình; Xử lý nước thải; Ngành may mặc; Thuận An; Môi trường
|x Kỹ thuật xử lý nước thải
|
| 700 |
|
|
|a Nguyễn, Thanh Tuyền
|
| 856 |
|
|
|u http://lrc.tdmu.edu.vn/opac/search/detail.asp?aID=2&ID=33554
|
| 980 |
|
|
|a Trung tâm Học liệu Trường Đại học Thủ Dầu Một
|